Applied Statistics II: Multivariable and Multivariate Techniques (Record no. 6183)

MARC details
005 - DATE AND TIME OF LATEST TRANSACTION
control field 20250628194229.0
020 ## - INTERNATIONAL STANDARD BOOK NUMBER
International Standard Book Number 978-1-0718-0771-2
100 ## - MAIN ENTRY--PERSONAL NAME
Author name WARNER, M. R
245 ## - TITLE STATEMENT
Title Applied Statistics II: Multivariable and Multivariate Techniques
250 ## - EDITION STATEMENT
Edition statement 3rd Ed.
260 ## - PUBLICATION, DISTRIBUTION, ETC.
Place of publication, distribution, etc. Los Angels
Name of publisher, distributor, etc. Sage Publications Ltd.
Date of publication, distribution, etc. 2021
300 ## - PHYSICAL DESCRIPTION
Extent xxiii,682p.:ill.;figures
Other physical details Index
Dimensions 25cm
942 ## - ADDED ENTRY ELEMENTS (KOHA)
Source of classification or shelving scheme Dewey Decimal Classification
Koha item type Books
Holdings
Date last seen Total checkouts Full call number Barcode Cost, replacement price Price effective from Koha item type Lost status Source of classification or shelving scheme Damaged status Not for loan Withdrawn status Home library Current library Shelving location Date acquired Source of acquisition Cost, normal purchase price
06/28/2025   620 MBY000884 150000.00 06/28/2025 Books   Dewey Decimal Classification       CBE MBEYA CBE MBEYA General Collection 06/28/2025 Purchase 50000.00